Probation system : (Record no. 126035)

MARC details
000 -LEADER
fixed length control field 00763nam a22002297a 4500
005 - DATE AND TIME OF LATEST TRANSACTION
control field 20170124110003.0
010 ## - LIBRARY OF CONGRESS CONTROL NUMBER
LC control number A-779423
020 ## - INTERNATIONAL STANDARD BOOK NUMBER
Terms of availability 00.00
International Standard Book Number 8171007147
035 ## - SYSTEM CONTROL NUMBER
System control number A-779423
037 ## - SOURCE OF ACQUISITION
Source of stock number/acquisition Cen Lib/Ret
040 ## - CATALOGING SOURCE
Original cataloging agency DPL
Language of cataloging EN
082 ## - DEWEY DECIMAL CLASSIFICATION NUMBER
Classification number 345.077
Item number CHA
100 ## - MAIN ENTRY--PERSONAL NAME
Personal name Chakrabarti, Nirmal Kanti
9 (RLIN) 16372
245 ## - TITLE STATEMENT
Title Probation system :
Statement of responsibility, etc by Nirmal Kanti Chakrabarti
Remainder of title in the administration of criminal justice /
260 ## - PUBLICATION, DISTRIBUTION, ETC. (IMPRINT)
Place of publication, distribution, etc New Delhi
Name of publisher, distributor, etc Deep and Deep Publications
Date of publication, distribution, etc 1995
270 ## - ADDRESS
City New Delhi
Address F-159, Rajouri Garden
Postal code 110027
300 ## - PHYSICAL DESCRIPTION
Extent xviii, 295p.
Dimensions 22cm(Hb)
500 ## - GENERAL NOTE
General note Includes bibliographical references and index<br/>
650 ## - SUBJECT ADDED ENTRY--TOPICAL TERM
Topical term or geographic name as entry element Probation -- India
9 (RLIN) 16373
650 ## - SUBJECT ADDED ENTRY--TOPICAL TERM
Topical term or geographic name as entry element Probation
9 (RLIN) 16374
942 ## - ADDED ENTRY ELEMENTS (KOHA)
Source of classification or shelving scheme Dewey Decimal Classification
Koha item type English Books
Classification part 345.077
Call number suffix CHA
Holdings
Withdrawn status Lost status Damaged status Not for loan Home library Current library Date acquired Source of acquisition Cost, normal purchase price Total Checkouts Full call number Barcode Date last seen Copy number Cost, replacement price Price effective from Koha item type
        Central Library Central Library 24/06/2015 Cen Lib/Ret 0.00   345.077 CHA A-779423 24/06/2015 1 0.00 24/06/2015 English Books

© Delhi Public Library
Hit Counter
free hit counter